Valuation : (Record no. 344997)

000 -LEADER
fixed length control field 01883 a2200229 4500
020 ## - INTERNATIONAL STANDARD BOOK NUMBER
International Standard Book Number 0471361909
020 ## - INTERNATIONAL STANDARD BOOK NUMBER
International Standard Book Number 9780471361909
082 04 - DEWEY DECIMAL CLASSIFICATION NUMBER
Classification number 658.15
090 ## - LOCALLY ASSIGNED LC-TYPE CALL NUMBER (OCLC); LOCAL CALL NUMBER (RLIN)
-- 2500
-- 2500
100 1# - MAIN ENTRY--PERSONAL NAME
Personal name Inc., McKinsey & Company.
245 10 - TITLE STATEMENT
Title Valuation :
Remainder of title measuring and managing the value of companies, 3rd edition /
Statement of responsibility, etc. McKinsey & Company Inc.
250 ## - EDITION STATEMENT
Edition statement 3nd ed.
260 ## - PUBLICATION, DISTRIBUTION, ETC.
Place of publication, distribution, etc. [S.l.] :
Name of publisher, distributor, etc. John Wiley & Sons, Inc.,
Date of publication, distribution, etc. 2000.
300 ## - PHYSICAL DESCRIPTION
Extent 492 p. ;
Dimensions 26 cm.
500 ## - GENERAL NOTE
General note Hardcover.
520 ## - SUMMARY, ETC.
Summary, etc. Completely Updated, Over 200,000 Copies Sold! "A ‘how-to’ guide for corporate executives who want to get at the unrealized shareholder values trapped in public companies." –New York Times THE #1 GUIDE TO CORPORATE VALUATION IS NOW BETTER THAN EVER! "The book’s clarity and comprehensive coverage make it one ofthe best practitioners’ guides to valuation." –Financial Times "Should serve very well the professional manager who wants to do some serious thinking about what really does contribute value to his or her firm and why." –The Journal of Finance "Valuation is like a Swiss army knife . . . you will be prepared for just about any contingency." –Martin H. Dubilier, Chairman of the Board, Clayton & Dubilier, Inc. "This book on valuation represents fresh new thinking. The writing is clear and direct, combining the best academic principles with actual experience to arrive at value-increasing solutions." –J. Fred Weston, cordner Professor of Money and Financial Markets, Graduate School of
700 ## - ADDED ENTRY--PERSONAL NAME
Personal name Copeland, Tom.
700 ## - ADDED ENTRY--PERSONAL NAME
Personal name Koller, Tim.
856 1# - ELECTRONIC LOCATION AND ACCESS
Materials specified Amazon.com
Uniform Resource Identifier <a href="http://www.amazon.com/exec/obidos/ASIN/047136190">http://www.amazon.com/exec/obidos/ASIN/047136190</a>
856 1# - ELECTRONIC LOCATION AND ACCESS
Materials specified Amazon customer reviews
Uniform Resource Identifier <a href="http://www.chopac.org/cgi-bin/tools/azre">http://www.chopac.org/cgi-bin/tools/azre</a>
942 ## - ADDED ENTRY ELEMENTS (KOHA)
Institution code [OBSOLETE] NBS
Koha item type Book
Call number prefix 658.15 COP
Holdings
Withdrawn status Lost status Source of classification or shelving scheme Damaged status Not for loan Collection code Permanent Location Current Location Shelving location Date acquired Total Checkouts Full call number Barcode Date last seen Date last checked out Price effective from Koha item type Public note
            Central Library (CL) Central Library (CL) General Stacks 08/03/2015 2 658.15 KOL NBS6637 10/30/2024 10/12/2018 08/03/2015 Book  
  Write Off         Central Library (CL) Central Library (CL)   02/18/2021   658.15 KOL NBS6361 02/18/2021   02/18/2021 Book Write off File No.0908/IRC/NBS Dated Aug 16, 2018
© 2023 Central Library, National University of Sciences and Technology. All Rights Reserved.